Characterization of fresh and landfilled cement kiln dust for reuse in construction applications

Podrobná bibliografia
Hlavní autori: Sreekrishnavilasam, Asha (Author), King, Stephanie (Author), Santagata, Marika (Author)
Médium: Článok
Jazyk:English
Témy:
Zdroj: 1. Engineering geology 1. 0013-7952 1. Roč. 85, č. 1-2 (máj 2006), s. 165-173
LEADER 01098nab#a2200349#ar4500
001 000060113
003 SVKKK
005 20060721101355.0
008 c2006 ne e eng
FMT
015 |a SNBRB2006/07-ccccc 
038 |a SVKKK 
040 |a SVKKK  |b slo  |e AACR2 
041 0 |a eng  |b eng 
044 |a ne  |c NL 
080 |a 624.138.23  |2 1997 
100 1 |a Sreekrishnavilasam, Asha  |4 aut 
242 1 0 |a Charakteristika čerstvého a skládkovaného cementárenského prachu pre využitie v stavebníctve 
245 1 0 |a Characterization of fresh and landfilled cement kiln dust for reuse in construction applications  |c Asha Sreekrishnavilasam, Stephanie King, Marika Santagata 
300 |b Obr., tab. 
504 |a Bibliogr. odkazy 
504 |a Res. angl. 
650 0 4 |a prach cementárenský  |x spevňovanie zemín 
700 1 |a King, Stephanie  |4 aut 
700 1 |a Santagata, Marika  |4 aut 
773 0 |t Engineering geology  |x 0013-7952  |g Roč. 85, č. 1-2 (máj 2006), s. 165-173 
958 |a NB 
992 |a RBX 
BAS
852 |a SVKKK  |b BIB 
EXP
998 |a GEO